000 00315nam a22001337a 4500
008 180918b xxu||||| |||| 00| 0 eng d
020 _a9780534137823
041 _aeng
080 _a159.9
100 _a49
101 _aPSI
245 _aCase Approach to Counseling and Psychotherapy
_cCorey, G
942 _2udc
_cBK
999 _c47881
_d47881